Исследование спектрально-люминесцентных свойств нейтральной и ионных форм фенола и пара-хлорфенола в водно-мицеллярных растворах; Известия вузов. Физика; Т. 47, № 11

Podrobná bibliografie
Parent link:Известия вузов. Физика/ Министерство общего и профессионального образования Российской Федерации ; Томский Госуниверситет.— , 1958-.— 0021-3411
Т. 47, № 11.— 2004.— с. 76-80
Hlavní autor: Чайковская О. Н.
Další autoři: Михалева И. А.
Jazyk:ruština
Vydáno: 2004
Edice:Оптика и спектроскопия
Témata:
Médium: MixedMaterials Kapitola
KOHA link:https://koha.lib.tpu.ru/cgi-bin/koha/opac-detail.pl?biblionumber=420207

MARC

LEADER 00000naa2a2200000 4500
001 420207
005 20231101073335.0
035 |a (RuTPU)RU\TPU\prd\77697 
035 |a RU\TPU\prd\32850 
090 |a 420207 
100 |a 20100302a2004 k y0rusy50 ca 
101 0 |a rus 
102 |a RU 
200 1 |a Исследование спектрально-люминесцентных свойств нейтральной и ионных форм фенола и пара-хлорфенола в водно-мицеллярных растворах  |f О. Н. Чайковская, И. А. Михалева 
225 1 |a Оптика и спектроскопия 
320 |a Библиогр.: 11 назв. 
461 1 |0 (RuTPU)RU\TPU\prd\191  |x 0021-3411  |t Известия вузов. Физика  |f Министерство общего и профессионального образования Российской Федерации ; Томский Госуниверситет  |d 1958- 
463 1 |0 (RuTPU)RU\TPU\prd\77682  |t Т. 47, № 11  |v с. 76-80  |d 2004 
610 1 |a спектрально-люминесцентные свойства 
610 1 |a фенол 
610 1 |a пара-хлорфенолы 
610 1 |a водно-мицеллярные растворы 
610 1 |a поглощение 
610 1 |a флуоресценция фенолов 
610 1 |a щелочи 
610 1 |a кислоты 
610 1 |a поверхностно-активные вещества 
610 1 |a спектры 
675 |a 535.37  |v 3 
700 1 |a Чайковская  |b О. Н. 
701 1 |a Михалева  |b И. А. 
801 1 |a RU  |b 63413507  |c 20050217  |g PSBO 
801 2 |a RU  |b 63413507  |c 20160325  |g RCR 
942 |c BK